Las películas de Jorge Negrete (Registro nro. 6928)

Detalles MARC
000 -CABECERA
Longitud fija campo de control 01838ngm a2200373 a 4500
005 - • FECHA Y HORA DE LA ÚLTIMA TRANSACCIÓN
Fecha y hora de la última transacción 20220317001424.0
008 - • CÓDIGOS DE INFORMACIÓN DE LONGITUD FIJA
Códigos de información de longitud fija 161108s9999 c g 000 0 spa
082 04 - • NÚMERO DE LA CLASIFICACIÓN DECIMAL DEWEY
Número de clasificación (R) 791.430972
Número del ítem P24
040 ## - FUENTE DE LA CATALOGACIÓN
Centro catalogador de origen CO-BoRNBP
Lengua de catalogación spa
Normas de descripción rda
Centro transcriptor CO-BoRNBP
245 ## - • TITULO PROPIAMENTE DICHO
Título Las películas de Jorge Negrete
Medio videodisco digital
250 ## - • MENCIÓN DE EDICIÓN
Mención de edición 1a. ediciòn
264 ## - PRODUCCIÓN, PUBLICACIÓN , DISTRIBUCIÓN, FABRICACIÓN Y COPYRIGHT
Lugar de producción, publicación, distribución, fabricación Bogotá
Nombre del productor, editor, distribuidor, fabricante Ejd Movies
300 ## - • DESCRIPCIÓN FÍSICA
Extensión 6 DVD
Otras características físicas sonido, blanco y negro, digital
Dimensiones 12 cm
336 ## - TIPO DE CONTENIDO
Término de tipo de contenido texto
Código de tipo de contenido txt
Fuente rdacontent
337 ## - TIPO DE MEDIO
Nombre del tipo de medio sin mediación
Código del tipo de medio n
Fuente rdamedia
338 ## - TIPO DE SOPORTE
Nombre del tipo de soporte volumen
Código del tipo de soporte nc
Fuente rdacarrier
490 ## - • MENCIÓN DE SERIE
Mención de serie Cine club películas para coleccionistas
500 ## - • NOTA GENERAL
Nota general Resumen: "Jorge Negret: Todavía en nuestros días, más de medio siglo después de su muerte, centenares de sus admiradores acuden el 5 de diciembre de cada año a la tumba de Jorge Negret, a rendirle homenaje en el aniversario d su muerte en 1953. La razón
505 ## - • NOTA DE CONTENIDO CON FORMATO
Nota de contenido con formato DVD 1. Gran casino -- DVD 2. Allá en el rancho grande. Los tres alegres compadres -- DVD 3. Si Adelita se fuera con otro -- DVD 4. Me he de comer esa tuna -- DVD 5. Ay Jalisco, no te rajes -- DVD 6. El peñón de las ánimas. El jorobado (Enrique de Lagarde
600 14 - • PUNTO DE ACCESO ADICIONAL DE MATERIA - NOMBRE DE PERSONA
Nombre de persona Negrete, Jorge
Fechas asociadas al nombre 1911-1953
650 14 - • PUNTO DE ACCESO ADICIONAL DE MATERIA - TÉRMINO DE MATERIA
Fuente del encabezamiento o término LEMB
Término de materia o nombre geográfico como elemento inicial Pelìculas musicales
Subdivisión de forma Videodiscos
Subdivisión cronológica Siglo XX
650 14 - • PUNTO DE ACCESO ADICIONAL DE MATERIA - TÉRMINO DE MATERIA
Fuente del encabezamiento o término LEMB
Término de materia o nombre geográfico como elemento inicial Musica popular mexicana
Subdivisión de forma Videodiscos
Subdivisión cronológica Mèxico
650 14 - • PUNTO DE ACCESO ADICIONAL DE MATERIA - TÉRMINO DE MATERIA
Fuente del encabezamiento o término LEMB
Término de materia o nombre geográfico como elemento inicial Vida social y costumbres
Subdivisión de forma Videodiscos
Subdivisión cronológica Siglo XX
650 14 - • PUNTO DE ACCESO ADICIONAL DE MATERIA - TÉRMINO DE MATERIA
Fuente del encabezamiento o término LEMB
Término de materia o nombre geográfico como elemento inicial Pelìculas cinematogràficas
Subdivisión de forma Videodiscos
Subdivisión de materia general Colecciones
Subdivisión cronológica Siglo XX
740 02 - • PUNTO DE ACCESO ADICIONAL - TÍTULO RELACIONADO O ANALÍTICO NO CONTROLADO
Título relacionado o analítico no controlado Gran casino
740 02 - • PUNTO DE ACCESO ADICIONAL - TÍTULO RELACIONADO O ANALÍTICO NO CONTROLADO
Título relacionado o analítico no controlado Allá en el rancho grande
740 02 - • PUNTO DE ACCESO ADICIONAL - TÍTULO RELACIONADO O ANALÍTICO NO CONTROLADO
Título relacionado o analítico no controlado Los tres alegres compadres
740 02 - • PUNTO DE ACCESO ADICIONAL - TÍTULO RELACIONADO O ANALÍTICO NO CONTROLADO
Título relacionado o analítico no controlado Si Adelita se fuera con otro
740 02 - • PUNTO DE ACCESO ADICIONAL - TÍTULO RELACIONADO O ANALÍTICO NO CONTROLADO
Título relacionado o analítico no controlado Me he de comer esa tuna
740 02 - • PUNTO DE ACCESO ADICIONAL - TÍTULO RELACIONADO O ANALÍTICO NO CONTROLADO
Título relacionado o analítico no controlado Ay Jalisco, no te rajes
740 02 - • PUNTO DE ACCESO ADICIONAL - TÍTULO RELACIONADO O ANALÍTICO NO CONTROLADO
Título relacionado o analítico no controlado El peñón de las ánimas
740 02 - • PUNTO DE ACCESO ADICIONAL - TÍTULO RELACIONADO O ANALÍTICO NO CONTROLADO
Título relacionado o analítico no controlado El jorobado (Enrique de Lagardere)
942 ## - ENTRADA DE ELEMENTOS AGREGADOS (KOHA)
Fuente de clasificaión o esquema Dewey Decimal Classification
Koha [por defecto] tipo de item DVD

No hay ítems disponibles.










Instituto Departamental de Cultura del Meta - Red Departamental de Bibliotecas Públicas del Meta.